[Event "33rd Crespi Memorial"]
[Site "Milan ITA"]
[Date "2012.12.06"]
[Round "6.11"]
[White "Rambaldi,Francesco"]
[Black "Formento,P"]
[Result "1/2-1/2"]
[WhiteTitle "FM"]
[WhiteElo "2308"]
[BlackElo "2167"]
[WhiteFideId "20657307"]
[BlackFideId "861162"]
[EventDate "2012.12.01"]

1. e4 e6 2. d4 d5 3. Nc3 Bb4 4. exd5 Qxd5 5. Nf3 Nf6 6. Bd2 Bxc3 7. Bxc3 O-O 8.
b3 b6 9. Bb2 Ne4 10. a3 Bb7 11. Be2 Nd7 12. O-O Ng5 13. Qd2 Ne5 14. Qe3 Ngxf3+
15. Bxf3 Nxf3+ 16. Qxf3 Qxf3 17. gxf3 Bxf3 18. Rfe1 Rad8 19. Re3 Bb7 20. Re5
Rfe8 21. c4 f6 22. Re3 Kf7 23. b4 c5 24. dxc5 bxc5 25. b5 Rd2 26. Bc3 Rc2 27.
Rd3 e5 28. a4 e4 29. Rd7+ Re7 30. Rxe7+ Kxe7 31. Ba5 Rxc4 32. Bd2 e3 33. Bxe3
Ke6 34. h3 f5 35. Bg5 f4 36. Bd8 Kf5 37. Bc7 g5 38. a5 Rc3 39. a6 Ba8 40. Kh2
Rc2 41. Kg1 g4 42. hxg4+ Kxg4 43. Bb8 Rc3 44. Bxa7 Rh3 45. f3+ Kg3 46. Bxc5 Bxf3
47. Bf2+ Kg4 48. Kf1 Rh5 49. b6 Rb5 50. b7 Bxb7 51. axb7 Rxb7 52. Kg2 Rb3 53.
Ra7 h5 54. Rg7+ Kf5 1/2-1/2

[Event "33rd Crespi Memorial"]
[Site "Milan ITA"]
[Date "2012.12.06"]
[Round "6.14"]
[White "Damia,A"]
[Black "Rettore,L"]
[Result "0-1"]
[WhiteTitle "FM"]
[WhiteElo "2281"]
[BlackElo "2115"]
[WhiteFideId "812668"]
[BlackFideId "810266"]
[EventDate "2012.12.01"]

1. e4 e5 2. Nf3 Nc6 3. Nc3 Nf6 4. g3 Be7 5. Bg2 O-O 6. O-O d6 7. h3 Bd7 8. d4
exd4 9. Nxd4 Nxd4 10. Qxd4 Bc6 11. Be3 a5 12. Rad1 Qc8 13. g4 a4 14. Ne2 Nd7 15.
b3 Nc5 16. Ng3 Bf6 17. Qb4 Na6 18. Qd2 g6 19. Bd4 Bxd4 20. Qxd4 Nc5 21. f4 axb3
22. axb3 Ra2 23. Qc3 Qe6 24. Rfe1 Nd7 25. g5 f6 26. Bf1 Nb6 27. f5 Qe5 28. Qxe5
dxe5 29. c4 fxg5 30. c5 Nc8 31. b4 Rb2 32. Bc4+ Kg7 33. Rb1 Rxb1 34. Rxb1 b5 35.
Be6 Ne7 36. Rf1 Ng8 37. Ra1 Ra8 38. Rxa8 Bxa8 39. fxg6 Nf6 40. gxh7 Nxe4 41.
Nh5+ Kxh7 42. Bf5+ Kh6 43. Bxe4 Bxe4 44. Nf6 Bf5 45. c6 Kg6 46. Nd5 Be4 47. Nxc7
Bxc6 48. Kf2 Kf6 49. Ke3 Ke7 50. Na6 Kd6 51. Nc5 Bg2 52. Kf2 Bh1 53. Kg1 Bc6 54.
Kf2 Kd5 55. Ke3 Kd6 56. Kf2 Bh1 57. Kg1 Ba8 0-1

[Event "33rd Crespi Memorial"]
[Site "Milan ITA"]
[Date "2012.12.06"]
[Round "7.3"]
[White "Brunello,S"]
[Black "Colovic,A"]
[Result "1-0"]
[WhiteTitle "GM"]
[BlackTitle "IM"]
[WhiteElo "2583"]
[BlackElo "2457"]
[WhiteFideId "813613"]
[BlackFideId "15000729"]
[EventDate "2012.12.01"]

1. d4 Nf6 2. c4 e6 3. Nc3 Bb4 4. e3 O-O 5. Ne2 c6 6. a3 Ba5 7. b4 Bc7 8. Ng3 d5
9. Bb2 Nbd7 10. f4 a5 11. c5 b6 12. Be2 Ba6 13. O-O Qb8 14. Bxa6 Rxa6 15. b5 Ra8
16. bxc6 bxc5 17. Na4 Nb6 18. dxc5 Nc4 19. Bxf6 gxf6 20. Nh5 Kh8 21. Nxf6 Qd8
22. Nxh7 Qh4 23. Nxf8 Rxf8 24. Rf3 Rg8 25. Kh1 Kg7 26. Nb6 Nxb6 27. cxb6 Bxb6
28. Rg3+ Qxg3 29. hxg3 Rh8+ 30. Kg1 Bxe3+ 31. Kf1 Rh1+ 32. Ke2 Rxd1 33. Rxd1 1-0

[Event "5th Kolkata Open"]
[Site "Kolkata IND"]
[Date "2012.12.03"]
[Round "1"]
[White "Karavade,E"]
[Black "Wojtaszek,R"]
[Result "0-1"]
[WhiteTitle "IM"]
[BlackTitle "GM"]
[WhiteElo "2385"]
[BlackElo "2734"]
[WhiteFideId "5012600"]
[BlackFideId "1118358"]
[EventDate "2012.12.03"]

1. d4 g6 2. c4 Bg7 3. e4 c5 4. d5 d6 5. Nf3 e6 6. Nc3 Ne7 7. Bd3 O-O 8. h3 Nd7
9. O-O a6 10. a4 h6 11. Be3 e5 12. Qd2 Kh7 13. g4 Nf6 14. Kh1 Nfg8 15. Nh2 Kh8
16. Rae1 b6 17. Rg1 Ra7 18. Nf1 f5 19. exf5 gxf5 20. f4 exf4 21. Bxf4 Ng6 22.
gxf5 Nh4 23. Nh2 Nxf5 24. Ne4 Nf6 25. Rg6 Raf7 26. Ng3 Nh4 27. Rxh6+ Bxh6 28.
Bxh6 Rg8 29. Bg5 Ng6 30. Nh5 Ne5 31. Nxf6 Rxf6 32. Rg1 Qf8 33. Bxf6+ Qxf6 34.
Rxg8+ Kxg8 35. Bf1 Bf5 36. b3 Qh4 37. Qe3 Qe4+ 38. Qxe4 Bxe4+ 39. Kg1 Bc2 40.
Ng4 Nxg4 41. hxg4 Bxb3 42. Kf2 Bxa4 43. Bd3 Kg7 44. g5 Be8 0-1

[Event "5th Kolkata Open"]
[Site "Kolkata IND"]
[Date "2012.12.03"]
[Round "1"]
[White "Korobov,A"]
[Black "Nitin,S"]
[Result "1-0"]
[WhiteTitle "GM"]
[BlackTitle "IM"]
[WhiteElo "2702"]
[BlackElo "2385"]
[WhiteFideId "14105730"]
[BlackFideId "5018277"]
[EventDate "2012.12.03"]

1. d4 c5 2. d5 d6 3. c4 g6 4. Nf3 Bg7 5. e4 e5 6. Nc3 a6 7. h3 Nd7 8. g4 Ngf6 9.
a4 h5 10. g5 Nh7 11. Be3 O-O 12. Rg1 Rb8 13. Nh4 Re8 14. Bd3 Ndf8 15. Qf3 Qa5
16. Ke2 Qb6 17. Rab1 Qb3 18. Rgc1 Nd7 19. Kf1 Nb6 20. Kg2 Nxc4 21. Bxc4 Qxc4 22.
Nb5 Qxa4 23. Nxd6 Rf8 24. Rxc5 Qd7 25. Nc4 Qd8 26. Qg3 b5 27. Nxe5 Qe7 28. Nhf3
Re8 29. Rbc1 h4 30. Qf4 Nxg5 31. Qxg5 1-0

[Event "5th Kolkata Open"]
[Site "Kolkata IND"]
[Date "2012.12.03"]
[Round "1"]
[White "Kulkarni,Vikramaditya"]
[Black "Tiviakov,S"]
[Result "1/2-1/2"]
[WhiteTitle "IM"]
[BlackTitle "GM"]
[WhiteElo "2384"]
[BlackElo "2663"]
[WhiteFideId "5009847"]
[BlackFideId "1008013"]
[EventDate "2012.12.03"]

1. Nf3 Nf6 2. c4 b6 3. g3 Bb7 4. Bg2 g6 5. d4 Bg7 6. O-O O-O 7. Nc3 Ne4 8. Nxe4
Bxe4 9. Bg5 c5 10. Qd2 cxd4 11. Nxd4 Bxg2 12. Kxg2 Re8 13. Rad1 Qc8 14. b3 a6
15. h4 Nc6 16. Nxc6 Qxc6+ 17. Qd5 Qxd5+ 18. cxd5 b5 19. Rc1 h6 20. Bd2 Rec8 21.
Rxc8+ Rxc8 22. Rc1 Rxc1 23. Bxc1 f5 24. Kf3 Kf7 25. e4 h5 26. Be3 Be5 27. Bf4
Bd4 28. Be3 Bb2 29. Bg5 e6 30. Ke3 Bc3 31. f3 Be1 32. Bf4 Bb4 33. Kd4 d6 34.
dxe6+ Kxe6 35. exf5+ gxf5 36. Kd3 Ba5 37. Be3 Bd8 38. Bf2 Bf6 39. Be1 Be5 40.
Bf2 Kd5 41. Be1 Bd4 42. Bd2 Bf2 43. Bf4 a5 44. Ke2 Bd4 45. Bd2 a4 46. Be1 Bf6
47. Bf2 Be5 48. Kd3 Bb2 49. Be3 Bf6 50. Bg1 f4 51. Bf2 fxg3 52. Bxg3 Ke6 53.
bxa4 bxa4 54. Kc4 a3 55. Kd3 d5 56. Be1 Kf5 57. Ke3 d4+ 58. Ke2 Kf4 59. Bd2+ Kf5
60. Bb4 Bxh4 61. Bxa3 Bf6 62. Bb4 h4 63. Kf2 d3 64. Kg2 Ke5 65. a4 Kd5 66. a5
Kc6 67. Bd2 Kb5 68. f4 Bd8 69. f5 Kc6 70. Kf3 Kb5 71. Kg2 Kc5 72. Kf3 Kc6 73.
Kg2 Kb5 74. Kh2 Bc7+ 75. Kg2 Be5 76. Kh3 Bf6 77. Kg2 Bd8 78. Kh2 Be7 79. Kg2 Bf6
80. Kh2 Bd8 1/2-1/2

[Event "5th Kolkata Open"]
[Site "Kolkata IND"]
[Date "2012.12.03"]
[Round "1"]
[White "Gupta,Ab"]
[Black "Gomes,Mary"]
[Result "1-0"]
[WhiteTitle "GM"]
[BlackTitle "WGM"]
[WhiteElo "2662"]
[BlackElo "2382"]
[WhiteFideId "5010608"]
[BlackFideId "5013623"]
[EventDate "2012.12.03"]

1. d4 Nf6 2. c4 c5 3. d5 e6 4. Nc3 exd5 5. cxd5 d6 6. Nf3 g6 7. Bf4 Bg7 8. Qa4+
Bd7 9. Qb3 Qc7 10. e4 O-O 11. Be2 a6 12. O-O Ng4 13. h3 Ne5 14. Nxe5 Bxe5 15.
Bxe5 dxe5 16. Rfd1 b5 17. a4 b4 18. Nb1 Kg7 19. Nd2 Be8 20. Rac1 Qa5 21. Nc4
Qxa4 22. Qe3 Nd7 23. b3 Qb5 24. Nxe5 Qb6 25. Nc4 Qa7 26. e5 Nb6 27. Na5 Bd7 28.
Qxc5 Rfe8 29. Qd6 Kg8 30. Rc7 Qb8 31. Bf3 Bb5 32. Nc6 Bxc6 33. Qxc6 1-0

[Event "5th Kolkata Open"]
[Site "Kolkata IND"]
[Date "2012.12.03"]
[Round "1"]
[White "Ganguly,S"]
[Black "Shivananda,B"]
[Result "1/2-1/2"]
[WhiteTitle "GM"]
[BlackTitle "IM"]
[WhiteElo "2630"]
[BlackElo "2381"]
[WhiteFideId "5002150"]
[BlackFideId "5007038"]
[EventDate "2012.12.03"]

1. e4 e5 2. Nf3 Nf6 3. Nxe5 d6 4. Nf3 Nxe4 5. d4 d5 6. Bd3 Nc6 7. Nc3 Nxc3 8.
bxc3 Bg4 9. h3 Bh5 10. Rb1 Rb8 11. Bb5 Bxf3 12. Qxf3 Be7 13. Ba4 O-O 14. Bb3 Bg5
15. Bxd5 Bxc1 16. Rxc1 Re8+ 17. Kf1 Qd7 18. g3 Na5 19. Kg2 c6 20. Be4 Nc4 21.
Qf5 Qxf5 22. Bxf5 Nd6 23. Bd3 c5 24. Rhe1 c4 25. Be2 Kf8 26. Bf3 Nb5 27. Rxe8+
Kxe8 28. Re1+ Kd7 29. Bd5 Nd6 30. Rb1 Kc7 31. Kf1 Re8 32. h4 f6 33. Rb4 b6 34.
Rb1 h6 35. Re1 Rxe1+ 36. Kxe1 b5 37. Ke2 Nc8 38. Ke3 Nb6 39. Bf7 Kd6 40. Be8 a6
41. Bf7 Na4 42. Kd2 Nb6 43. Bh5 Na4 44. Bg4 Kc7 45. a3 Nb6 46. Bf3 Na4 47. h5
Nb6 48. Bg2 Na4 49. f4 Nb6 50. g4 Na4 51. Bf1 Kd6 52. Bh3 Kc7 53. Bg2 Kb6 54.
Bd5 Kc7 55. Be6 Nb6 56. Ke3 Kd6 57. Bg8 Na4 58. Ke4 Nxc3+ 59. Kf5 Nd5 60. Kg6 a5
61. Kxg7 b4 62. axb4 a4 63. Bxd5 Kxd5 64. g5 fxg5 65. fxg5 a3 66. gxh6 a2 67. h7
a1=Q 68. h8=Q Qxd4+ 69. Kg8 Qg4+ 70. Qg7 Qxh5 71. Qd7+ Ke4 72. Qe7+ Kd4 73. Qf6+
Ke4 74. Kf8 Qb5 75. Qh4+ Ke3 76. Qe1+ Kd4 77. Qd2+ Ke4 78. Qe2+ Kd4 79. Qd2+ Ke4
80. c3 Qb8+ 81. Ke7 Qc7+ 82. Ke6 Qc6+ 83. Kf7 Qc7+ 84. Kf8 Qb8+ 85. Kf7 Qc7+ 86.
Kg8 Qg3+ 87. Kh7 Qd3 88. Qe1+ Kf5 89. Kg7 Qd7+ 90. Kf8 Qd8+ 91. Qe8 Qxe8+ 92.
Kxe8 Ke4 93. Kd7 Kd3 94. b5 Kxc3 95. b6 Kd2 96. b7 c3 97. b8=Q c2 98. Qf4+ Kd1
99. Qd4+ Kc1 100. Qb4 Kd1 101. Qb3 Kd2 102. Qd5+ Kc3 103. Qe5+ Kd2 104. Qd4+ Kc1
105. Kc6 Kb1 106. Qb4+ Ka1 107. Qc3+ Kb1 108. Qb3+ Ka1 109. Qxc2 1/2-1/2

[Event "5th Kolkata Open"]
[Site "Kolkata IND"]
[Date "2012.12.03"]
[Round "1"]
[White "Gagare,Shar"]
[Black "Iordachescu,V"]
[Result "1/2-1/2"]
[WhiteTitle "FM"]
[BlackTitle "GM"]
[WhiteElo "2381"]
[BlackElo "2619"]
[WhiteFideId "5037883"]
[BlackFideId "13900200"]
[EventDate "2012.12.03"]

1. c4 e6 2. g3 d5 3. Bg2 g6 4. d4 Bg7 5. Nf3 Ne7 6. cxd5 exd5 7. Nc3 O-O 8. Bf4
Nf5 9. O-O a6 10. Bg5 f6 11. Bd2 Nc6 12. e3 Nce7 13. Ne1 c6 14. Nd3 Nd6 15. Na4
Be6 16. Nac5 Bf7 17. Nf4 Qc8 18. Na4 Qc7 19. Nc5 Qc8 20. Na4 Qc7 21. Nc5 1/2-1/2

[Event "5th Kolkata Open"]
[Site "Kolkata IND"]
[Date "2012.12.03"]
[Round "1"]
[White "Sandipan,C"]
[Black "Shiven,K"]
[Result "1/2-1/2"]
[WhiteTitle "GM"]
[BlackTitle "IM"]
[WhiteElo "2613"]
[BlackElo "2379"]
[WhiteFideId "5004225"]
[BlackFideId "5026415"]
[EventDate "2012.12.03"]

1. d4 Nf6 2. Nf3 g6 3. Nbd2 d5 4. c4 c6 5. e3 Bg7 6. Be2 O-O 7. O-O Nbd7 8. b4
a5 9. b5 dxc4 10. bxc6 bxc6 11. Nxc4 c5 12. Ba3 Ba6 13. Rc1 cxd4 14. Nxd4 Rc8
15. Qe1 Bxc4 16. Rxc4 Rxc4 17. Bxc4 Ne5 18. Bb5 Nd5 19. h3 Qb6 20. Qc1 Nb4 21.
Qd2 Nf3+ 22. gxf3 Bxd4 23. Bxb4 axb4 24. Qxb4 Bc5 25. Qb3 Rd8 26. Bc4 Qf6 27.
Rd1 Bd6 28. Bd5 Rb8 29. Qd3 Qg5+ 30. Kf1 Qh4 31. Bb3 Qxh3+ 32. Ke2 Qd7 33. a4
Qc7 34. Qd5 e6 35. Qxd6 Qxd6 36. Rxd6 Rxb3 37. Rd3 Rb2+ 38. Rd2 Rb7 39. a5 Kf8
40. Kd3 Ra7 41. Ra2 Ke7 42. Kc4 Kd6 43. Kb5 Rb7+ 44. Ka6 Rb1 45. Ka7 h5 46. f4
Kc7 47. Rc2+ Kd7 48. a6 Rb3 49. e4 Rb4 50. f3 Rb3 51. Rf2 Kc7 52. Rf1 Kd7 53.
Rf2 Kc7 54. f5 gxf5 55. exf5 exf5 56. Rh2 Rxf3 57. Rxh5 Kd6 58. Kb6 Rb3+ 59. Ka5
Ke5 60. Rh7 Ra3+ 61. Kb6 f4 62. a7 f3 63. Rxf7 Ke4 64. Rh7 Rxa7 65. Rxa7 f2 66.
Rf7 Ke3 67. Rxf2 Kxf2 1/2-1/2

[Event "5th Kolkata Open"]
[Site "Kolkata IND"]
[Date "2012.12.03"]
[Round "1"]
[White "Udeshi,A"]
[Black "Adly,A"]
[Result "1/2-1/2"]
[WhiteTitle "IM"]
[BlackTitle "GM"]
[WhiteElo "2376"]
[BlackElo "2607"]
[WhiteFideId "5021740"]
[BlackFideId "10601619"]
[EventDate "2012.12.03"]

1. e4 c5 2. Nf3 d6 3. d4 Nf6 4. Nc3 cxd4 5. Nxd4 a6 6. Be3 Ng4 7. Bc1 Nc6 8.
Nxc6 bxc6 9. Be2 Nf6 10. f4 e6 11. O-O d5 12. e5 Bc5+ 13. Kh1 Ng8 14. Na4 Ba7
15. c4 Ne7 16. Bd3 dxc4 17. Bxc4 Qxd1 18. Rxd1 Nd5 19. b3 f6 20. Bb2 f5 21. Bxd5
cxd5 22. Rac1 Bd7 1/2-1/2

[Event "5th Kolkata Open"]
[Site "Kolkata IND"]
[Date "2012.12.03"]
[Round "1"]
[White "David,Alb"]
[Black "Narayanan,SL"]
[Result "1-0"]
[WhiteTitle "GM"]
[WhiteElo "2607"]
[BlackElo "2373"]
[WhiteFideId "4000013"]
[BlackFideId "5058422"]
[EventDate "2012.12.03"]

1. e4 e5 2. Nf3 Nc6 3. Bb5 a6 4. Ba4 Nge7 5. Bb3 Ng6 6. c3 Be7 7. d4 d6 8. Be3
O-O 9. Nbd2 Nh4 10. Nxh4 Bxh4 11. O-O Bf6 12. dxe5 dxe5 13. Qe2 Bg5 14. Nc4 b5
15. Rad1 Qe7 16. Bxg5 Qxg5 17. Ne3 Na5 18. Rd5 Qf6 19. Rd3 Nxb3 20. Nd5 Qd8 21.
axb3 c6 22. Ne3 Qe7 23. Rfd1 Be6 24. Nf5 Bxf5 25. exf5 Rfd8 26. h3 Rxd3 27. Qxd3
g6 28. Qf3 Rd8 29. Rxd8+ Qxd8 30. Qxc6 Qd1+ 31. Kh2 Qd2 32. Qe8+ Kg7 33. Qxe5+
f6 34. Qc7+ Kg8 35. Qb8+ Kg7 36. Qa7+ Kf8 37. fxg6 hxg6 38. Qd4 Qg5 39. c4 a5
40. c5 Ke8 41. c6 1-0

[Event "5th Kolkata Open"]
[Site "Kolkata IND"]
[Date "2012.12.03"]
[Round "1"]
[White "Ramnath,B"]
[Black "Lintchevski,D"]
[Result "0-1"]
[WhiteTitle "IM"]
[BlackTitle "GM"]
[WhiteElo "2355"]
[BlackElo "2553"]
[WhiteFideId "5026598"]
[BlackFideId "4171055"]
[EventDate "2012.12.03"]

1. e4 c6 2. d4 d5 3. exd5 cxd5 4. c4 Nf6 5. Nc3 g6 6. Qb3 Bg7 7. cxd5 O-O 8. Be2
Nbd7 9. Bf3 Nb6 10. Bg5 Bf5 11. Rd1 a5 12. Nge2 Qd6 13. Ng3 a4 14. Nxf5 axb3 15.
Nxd6 bxa2 16. Nxa2 Rxa2 17. Nxb7 Nfxd5 18. Bc1 Ra4 19. O-O Rxd4 20. Rxd4 Bxd4
21. Rd1 Rc8 22. Bh6 Bg7 23. Bxg7 Kxg7 24. Bxd5 Nxd5 25. g3 e6 26. Rd2 g5 27. h3
h5 28. Nd6 Rc1+ 29. Kg2 Kg6 30. Rd4 Rc2 31. Nc4 f5 32. h4 g4 33. Ne5+ Kf6 34.
Nd3 Ne3+ 35. Kg1 Nc4 36. Rd7 Nd2 37. b4 Ra2 38. Kg2 Nf3 39. Kf1 e5 0-1

[Event "5th Kolkata Open"]
[Site "Kolkata IND"]
[Date "2012.12.03"]
[Round "1"]
[White "Gopal,G"]
[Black "Senador,E"]
[Result "1-0"]
[WhiteTitle "GM"]
[BlackTitle "IM"]
[WhiteElo "2547"]
[BlackElo "2352"]
[WhiteFideId "5015693"]
[BlackFideId "5200601"]
[EventDate "2012.12.03"]

1. e4 e5 2. Nf3 Nc6 3. Bb5 a6 4. Ba4 Nf6 5. O-O Be7 6. d3 b5 7. Bb3 O-O 8. a4
Bb7 9. Nc3 b4 10. Nd5 Na5 11. Ba2 Nxd5 12. exd5 d6 13. c3 b3 14. Bxb3 Nxb3 15.
Qxb3 Rb8 16. Re1 Bf6 17. Qc4 Qd7 18. d4 Rfe8 19. Be3 e4 20. Nd2 Re7 21. Qb3 Qc8
22. Qa2 Qf5 23. c4 c6 24. dxc6 Bxc6 25. Qa3 Rd8 26. b4 Qg4 27. b5 Bb7 28. Qb4
Re6 29. Nf1 h5 30. h3 Qg6 31. Rad1 Bh4 32. c5 Bc8 33. Kh2 Rf6 34. Ng3 Bxg3+ 35.
fxg3 h4 36. g4 Bxg4 37. hxg4 Qxg4 38. Qd2 dxc5 39. Qe2 Qg3+ 40. Kg1 h3 41. dxc5
Rd3 42. Bd4 Rff3 43. Rxd3 exd3 44. Qd2 Qg4 45. Be5 f6 46. b6 fxe5 47. b7 Rf8 48.
Rf1 Qd4+ 1-0

[Event "5th Kolkata Open"]
[Site "Kolkata IND"]
[Date "2012.12.03"]
[Round "1"]
[White "Paragua,M"]
[Black "Murali Krishnan,B"]
[Result "1-0"]
[WhiteTitle "GM"]
[BlackTitle "IM"]
[WhiteElo "2533"]
[BlackElo "2345"]
[WhiteFideId "5201241"]
[BlackFideId "5004977"]
[EventDate "2012.12.03"]

1. e4 d5 2. exd5 Qxd5 3. Nc3 Qa5 4. d4 c6 5. Bc4 Nf6 6. Bd2 Bf5 7. Nf3 e6 8. Nd5
Qd8 9. Nxf6+ gxf6 10. Qe2 Nd7 11. Bb3 Qc7 12. Nh4 Bg6 13. f4 O-O-O 14. f5 exf5
15. O-O Bd6 16. g3 Rhe8 17. Qf3 f4 18. Bxf4 Bxf4 19. Qxf4 Re4 20. Qxc7+ Kxc7 21.
Rad1 Bh5 22. Rd2 Nc5 23. c3 Nxb3 24. axb3 c5 25. Rf5 Re1+ 26. Kf2 Re5 27. Rxf6
cxd4 28. cxd4 Red5 29. Rf4 Rb5 30. Rf5 Rdd5 31. Rxd5 Rxd5 32. Rd3 Kd7 33. Ke3 f6
34. Nf3 Ra5 35. Nd2 Ra1 36. d5 Re1+ 37. Kd4 Re2 38. Ne4 Bg6 39. Re3 Rxh2 40.
Nxf6+ Kd8 41. d6 Rf2 42. Ke5 Rxb2 43. d7 Rc2 44. g4 Rc6 45. g5 Kc7 46. Kf4 Rd6
47. Ne8+ Kxd7 48. Nxd6 Kxd6 49. b4 a6 50. Rc3 b6 51. Ke3 Kd5 52. Rc8 a5 53. bxa5
bxa5 54. Ra8 Ke6 55. Rxa5 Kf7 56. Ra7+ Kg8 57. Kf4 h6 58. gxh6 Kh8 59. Kg5 Bh7
60. Ra8+ Bg8 61. Rc8 Kh7 62. Rc7+ Kh8 63. Kg6 Bd5 64. h7 Be4+ 65. Kh6 Bf5 66.
Rf7 1-0

[Event "5th Kolkata Open"]
[Site "Kolkata IND"]
[Date "2012.12.03"]
[Round "1"]
[White "Mohota,N"]
[Black "Dzhumaev,M"]
[Result "0-1"]
[WhiteTitle "IM"]
[BlackTitle "GM"]
[WhiteElo "2339"]
[BlackElo "2530"]
[WhiteFideId "5004330"]
[BlackFideId "14200236"]
[EventDate "2012.12.03"]

1. d4 f5 2. Nf3 Nf6 3. g3 g6 4. Bg2 Bg7 5. O-O O-O 6. b3 d6 7. Bb2 Qe8 8. c4 c6
9. Nbd2 Na6 10. a3 h6 11. Qc2 g5 12. e3 Nc7 13. b4 Bd7 14. a4 a6 15. Ba3 Rc8 16.
c5 Ne4 17. Nc4 Be6 18. Nfd2 Nxd2 19. Nxd2 Bd5 20. cxd6 exd6 21. Nc4 Qe6 22. Nb6
Bxg2 23. Kxg2 Rce8 24. Qa2 d5 25. Rae1 Rf7 26. Qd2 Qg6 27. Bb2 f4 28. f3 fxg3
29. hxg3 h5 30. a5 Nb5 31. Na4 Nd6 32. Nc5 Nc4 33. Qc3 h4 34. Bc1 g4 35. f4 Nd6
36. gxh4 Nf5 37. Rh1 g3 38. Nd3 Qg4 39. Ne5 Bxe5 40. dxe5 Rh7 41. e4 dxe4 42.
Qc4+ Kg7 43. Qxe4 Nxh4+ 44. Rxh4 Rxh4 45. e6 Kg8 46. Kg1 Re7 47. Bb2 Reh7 48.
Rc1 0-1

[Event "5th Kolkata Open"]
[Site "Kolkata IND"]
[Date "2012.12.03"]
[Round "1"]
[White "Karthikeyan,M2"]
[Black "Arun Prasad,S"]
[Result "1/2-1/2"]
[BlackTitle "GM"]
[WhiteElo "2315"]
[BlackElo "2513"]
[WhiteFideId "5074452"]
[BlackFideId "5011167"]
[EventDate "2012.12.03"]

1. e4 c5 2. Nf3 d6 3. d4 cxd4 4. Nxd4 Nf6 5. Nc3 a6 6. Be3 e5 7. Nb3 Be6 8. f3
h5 9. Bd3 Nbd7 10. Qd2 Rc8 11. O-O-O Qc7 12. Kb1 Be7 13. f4 b5 14. h3 Nb6 15. f5
Nc4 16. Qe1 b4 17. Na4 Bd7 18. Bxc4 Qxc4 19. Nb6 Qxc2+ 20. Ka1 Rb8 21. Nxd7 Nxd7
22. Ba7 Ra8 23. Bf2 a5 24. Rc1 Qd3 25. Qe3 Qb5 26. g4 a4 27. Nd2 b3 28. Nb1 bxa2
29. Nc3 Qb3 30. Nd5 Rb8 31. Qc3 Qxc3 32. Nxc3 O-O 33. Kxa2 hxg4 34. hxg4 Bg5 35.
Nd5 Rfc8 36. Rxc8+ Rxc8 37. Be3 Bd8 38. g5 Rc4 39. Rc1 Rxc1 40. Bxc1 Nc5 41. Nc3
Ba5 1/2-1/2

[Event "5th Kolkata Open"]
[Site "Kolkata IND"]
[Date "2012.12.03"]
[Round "1"]
[White "Kunte,A"]
[Black "Padmini,R"]
[Result "1-0"]
[WhiteTitle "GM"]
[BlackTitle "WGM"]
[WhiteElo "2511"]
[BlackElo "2313"]
[WhiteFideId "5002265"]
[BlackFideId "5029295"]
[EventDate "2012.12.03"]

1. d4 Nf6 2. Nf3 g6 3. Nbd2 d5 4. b4 Bg7 5. e3 a5 6. b5 c5 7. bxc6 bxc6 8. Ba3
O-O 9. Be2 Nbd7 10. c4 Re8 11. O-O Ba6 12. Rc1 e6 13. Re1 Bf8 14. Bxf8 Rxf8 15.
Qa4 Qb8 16. Rb1 Qc7 17. cxd5 cxd5 18. Rec1 Qa7 19. Bxa6 Qxa6 20. Rc6 Qd3 21.
Rbc1 Rfb8 22. R6c3 Qb5 23. Rc8+ Rxc8 24. Rxc8+ 1-0

[Event "5th Kolkata Open"]
[Site "Kolkata IND"]
[Date "2012.12.03"]
[Round "1"]
[White "Hossain,Enam"]
[Black "Krishna,CRG"]
[Result "0-1"]
[WhiteTitle "GM"]
[WhiteElo "2496"]
[BlackElo "2312"]
[WhiteFideId "10200649"]
[BlackFideId "5018625"]
[EventDate "2012.12.03"]

1. e4 e6 2. d3 d5 3. Qe2 dxe4 4. dxe4 b6 5. c3 Ba6 6. Qc2 Bxf1 7. Kxf1 Nd7 8.
Nf3 Qc8 9. g3 Qb7 10. Kg2 Nc5 11. Re1 Rd8 12. Nbd2 Nf6 13. h3 Nd3 14. Re3 Nxc1
15. Rxc1 Bc5 16. Re2 O-O 17. a3 Be7 18. Rd1 Qa6 19. c4 Nd7 20. e5 Nc5 21. Re3
Qa4 22. Qb1 Rd7 23. Rc1 Rfd8 24. Ne4 Qc6 25. Rcc3 Na4 26. Rc1 Nc5 27. Rcc3 Na4
28. Rc2 Nc5 29. Rce2 h6 30. Qc2 a5 31. Nxc5 Bxc5 32. Re4 Rd3 33. Qc1 Rd1 34. Qf4
Rb1 35. g4 Rd3 36. h4 Be7 37. Rd4 Rxf3 0-1

[Event "5th Kolkata Open"]
[Site "Kolkata IND"]
[Date "2012.12.03"]
[Round "1"]
[White "Ikeda,J"]
[Black "Vaibhav,S"]
[Result "0-1"]
[WhiteTitle "FM"]
[BlackTitle "GM"]
[WhiteElo "2304"]
[BlackElo "2494"]
[WhiteFideId "3204731"]
[BlackFideId "5045185"]
[EventDate "2012.12.03"]

1. c4 e6 2. Nf3 Nf6 3. g3 d5 4. Bg2 dxc4 5. Qa4+ c6 6. Qxc4 b5 7. Qc2 Bb7 8. Nc3
Nbd7 9. O-O Be7 10. a4 a6 11. d3 O-O 12. Rd1 Rc8 13. e4 Qb6 14. Be3 c5 15. h3
Qc6 16. b3 Rfd8 17. g4 h6 18. Rab1 Nh7 19. Ne1 b4 20. Ne2 e5 21. f4 exf4 22.
Nxf4 Ne5 23. Qf2 Qf6 24. Nf3 Bd6 25. Nxe5 Qxe5 26. Ne2 Ng5 27. Bf4 Qe7 28. Bxd6
Rxd6 29. Rbc1 Rd7 30. Nf4 a5 31. Nd5 Qd6 32. Ne3 Ne6 33. Nc4 Qc7 34. e5 Bxg2 35.
Qxg2 Nf4 36. Qf3 Ng6 37. Qf5 Re8 38. Re1 Re6 39. Re3 Ne7 40. Qe4 Nc6 41. Rf1 Qd8
42. Qf4 Qe7 43. Rfe1 Nd4 44. Rf1 Nxb3 45. Qe4 Qd8 46. Ref3 Nd4 47. R3f2 b3 48.
Qg2 Qb8 49. Nd6 Rxe5 50. Nxf7 Ree7 51. Nxh6+ gxh6 52. g5 Rg7 53. g6 Rxg6 54.
Qxg6+ Rg7 55. Qxg7+ Kxg7 56. Rg2+ Kh8 57. Rf6 Nf3+ 58. Kf2 Ng5 59. Rxh6+ Kg7 60.
Rh5 Qf4+ 0-1

[Event "5th Kolkata Open"]
[Site "Kolkata IND"]
[Date "2012.12.03"]
[Round "1"]
[White "Chandra,Akshat"]
[Black "Shyam,SM"]
[Result "0-1"]
[BlackTitle "IM"]
[WhiteElo "2294"]
[BlackElo "2484"]
[WhiteFideId "25006711"]
[BlackFideId "5019141"]
[EventDate "2012.12.03"]

1. e4 e5 2. Nf3 Nc6 3. Bb5 a6 4. Ba4 Nf6 5. O-O Be7 6. Re1 b5 7. Bb3 d6 8. c3
O-O 9. h3 Nd7 10. d4 Bf6 11. a4 Bb7 12. d5 Ne7 13. axb5 axb5 14. Rxa8 Qxa8 15.
Na3 Ba6 16. Nh2 g6 17. Ng4 Bg7 18. Ne3 Nc5 19. Bc2 Rb8 20. b4 Nd7 21. Bb2 Nf6
22. Ng4 Nh5 23. Qd2 Bc8 24. c4 bxc4 25. Nxc4 Qb7 26. Bc3 Bd7 27. Ra1 Qc8 28. Qg5
f6 29. Qe3 Nf4 30. f3 f5 31. Nf2 Bh6 32. Kh2 Nfxd5 33. Qxh6 Nxc3 34. Qd2 Nb5 35.
Bb3 Be6 36. exf5 Nxf5 37. Rc1 Nfd4 38. Ba2 Qf8 39. Nd3 Qf7 40. f4 e4 41. Nf2 Ra8
42. Ng4 Bxg4 43. hxg4 e3 44. Qb2 Qxf4+ 45. g3 Qf2+ 46. Qxf2 exf2 47. Na5+ Kg7
48. Kg2 Re8 49. Bc4 Re1 0-1